[Event "Sparkassen-Open A"]
[Site "Heusenstamm, Martinsee"]
[Date "2018.11.22"]
[Round "1.27"]
[White "Alber, Horst"]
[Black "Hochmuth, Christian"]
[Result "1/2-1/2"]
[WhiteElo "2287"]
[BlackElo "1907"]
[PlyCount "48"]
[EventDate "2018.??.??"]
[WhiteTeam "SK Marburg"]
[BlackTeam "SG WÃ¤chtersbach"]

1. d4 Nf6 2. c4 g6 3. Nc3 Bg7 4. e4 d6 5. Nf3 O-O 6. Be2 e5 7. O-O Nc6 8. d5
Ne7 9. b4 Ne8 10. c5 f5 11. Ng5 h6 12. Ne6 Bxe6 13. dxe6 fxe4 14. cxd6 Nxd6 15.
Qc2 Nc6 16. Nxe4 Nd4 17. Qd3 Nxe4 18. Qxe4 Nxe2+ 19. Qxe2 Qd5 20. Qg4 Rf6 21.
Be3 Qxe6 22. Qe4 Qc6 23. Qxc6 Rxc6 24. b5 Rd6 1/2-1/2

[Event "Sparkassen-Open A"]
[Site "Heusenstamm, Martinsee"]
[Date "2018.11.22"]
[Round "1.28"]
[White "Seifert, Norbert"]
[Black "Hesse, Henrik"]
[Result "0-1"]
[WhiteElo "1957"]
[BlackElo "2272"]
[PlyCount "56"]
[EventDate "2018.??.??"]
[WhiteTeam "SF Neuberg"]
[BlackTeam "SV Mattnetz Berlin"]

1. e4 c5 2. Nc3 e6 3. g3 Nc6 4. Bg2 Qc7 5. d3 Nf6 6. Nh3 Be7 7. O-O O-O 8. f4
d5 9. Nf2 dxe4 10. Nfxe4 b6 11. Nxf6+ Bxf6 12. Ne4 Be7 13. Qh5 Bb7 14. Be3 Nb4
15. Rf2 f5 16. Ng5 Bxg5 17. Qxg5 Bxg2 18. Rxg2 Rf6 19. Re1 Qf7 20. a3 Nd5 21.
Bc1 Rf8 22. b3 a5 23. Bb2 Rh6 24. g4 Rg6 25. Qh4 Nxf4 26. Rg3 Rxg4 27. Rxg4
fxg4 28. Qg3 Ne2+ 0-1

[Event "Sparkassen-Open A"]
[Site "Heusenstamm, Martinsee"]
[Date "2018.11.22"]
[Round "1.29"]
[White "Hahn, Markus"]
[Black "Wuerl, Roland"]
[Result "1-0"]
[WhiteElo "2271"]
[BlackElo "1948"]
[PlyCount "69"]
[EventDate "2018.??.??"]
[WhiteTeam "SVG Caissa Kassel"]
[BlackTeam "SK Dieburg"]

1. d4 Nf6 2. c4 g6 3. Nc3 Bg7 4. e4 d6 5. Nf3 O-O 6. h3 Na6 7. Bg5 e5 8. d5 h6
9. Be3 Nc5 10. Nd2 a5 11. g4 c6 12. Be2 Bd7 13. h4 a4 14. g5 hxg5 15. hxg5 Nh7
16. Rg1 Qa5 17. Qb1 Rfb8 18. Rg3 cxd5 19. Nxd5 Bc6 20. Qc2 Bxd5 21. cxd5 Rc8
22. Qc3 Qd8 23. Qb4 Qa5 24. Qxa5 Rxa5 25. Nc4 Ra6 26. f3 Bf8 27. Kd2 Be7 28.
Rc1 Kg7 29. Na3 Raa8 30. Bb5 f5 31. gxf6+ Nxf6 32. Bxc5 dxc5 33. Rcg1 Rh8 34.
Rxg6+ Kf8 35. Nc4 1-0

[Event "Sparkassen-Open A"]
[Site "Heusenstamm, Martinsee"]
[Date "2018.11.22"]
[Round "1.30"]
[White "Reinhard, Ralf-Peter"]
[Black "Donchenko, Anatoly"]
[Result "1/2-1/2"]
[WhiteElo "1943"]
[BlackElo "2269"]
[PlyCount "138"]
[EventDate "2018.??.??"]
[WhiteTeam "vereinslos"]
[BlackTeam "SK GieÃŸen"]

1. d4 d5 2. Nf3 Nf6 3. e3 c5 4. Bd3 e6 5. c3 Nbd7 6. Nbd2 Be7 7. O-O b6 8. e4
dxe4 9. Nxe4 Bb7 10. Qe2 Nxe4 11. Bxe4 Bxe4 12. Qxe4 O-O 13. Rd1 Nf6 14. Qe2
Qc7 15. Bg5 h6 16. Bh4 Rfd8 17. Bg3 Qb7 18. dxc5 Bxc5 19. Rd3 Rxd3 20. Qxd3 Be7
21. Rd1 Rd8 22. Qe2 Rxd1+ 23. Qxd1 Qa6 24. a3 Qc4 25. Bd6 Bxd6 26. Qxd6 Qa2 27.
Qd8+ Kh7 28. Qd3+ g6 29. Qe2 Nd5 30. Qd2 Qb1+ 31. Ne1 b5 32. Kf1 a6 33. Qc2 Qa2
34. g3 Qc4+ 35. Qe2 Qc6 36. Qd3 Nb6 37. Qf3 Qxf3 38. Nxf3 Na4 39. b3 Nxc3 40.
Nd4 e5 41. Nc6 f6 42. b4 Nb1 43. Nb8 Nxa3 44. Nxa6 Nc4 45. Ke2 Kg7 46. Nc7 Nd6
47. Kd3 Kf7 48. g4 f5 49. f3 h5 50. gxf5 gxf5 51. f4 exf4 52. Nd5 h4 53. Nxf4
Kf6 54. h3 Ne8 55. Kd4 Nc7 56. Ng2 Kg5 57. Ke5 Na6 58. Nf4 Nxb4 59. Ne6+ Kg6
60. Nf4+ Kh6 61. Kxf5 Nc2 62. Kg4 b4 63. Kxh4 b3 64. Nd3 Kg6 65. Kg4 Nb4 66.
Nb2 Nd5 67. h4 Kf6 68. Kf3 Kf5 69. h5 Kg5 1/2-1/2

[Event "Sparkassen-Open A"]
[Site "Heusenstamm, Martinsee"]
[Date "2018.11.22"]
[Round "1.31"]
[White "Mooser, Stefan"]
[Black "Boder, Jan"]
[Result "1/2-1/2"]
[WhiteElo "2269"]
[BlackElo "1896"]
[PlyCount "108"]
[EventDate "2018.??.??"]
[WhiteTeam "FC Ergolding"]
[BlackTeam "SG MÃ¶rsdorf-Lahr"]

1. Nf3 Nf6 2. g3 g6 3. Bg2 Bg7 4. O-O O-O 5. d4 d5 6. c4 c6 7. cxd5 cxd5 8. Nc3
Nc6 9. Ne5 e6 10. Nxc6 bxc6 11. Bf4 Nh5 12. Be3 f5 13. Qd2 f4 14. Bxf4 Nxf4 15.
gxf4 Qh4 16. e3 Bh6 17. Ne2 Ba6 18. f3 Rab8 19. Rfc1 Rb6 20. b3 Kh8 21. Ng3 g5
22. fxg5 Bxg5 23. f4 Be7 24. Bf1 Bc8 25. Bd3 Rg8 26. Qf2 Bd7 27. Rc2 Rbb8 28.
Kh1 Rg7 29. Rg1 Rbg8 30. Rcc1 a5 31. Qf3 Qg4 32. Qxg4 Rxg4 33. Ne2 Rxg1+ 34.
Rxg1 Rxg1+ 35. Kxg1 Kg7 36. Kf2 c5 37. Ng1 cxd4 38. exd4 h6 39. Nf3 Be8 40. Ne5
Kf6 41. a4 Bd6 42. Ke3 Be7 43. Kd2 Bd6 44. Ke3 Ba3 45. Ng4+ Kg7 46. f5 Bc1+ 47.
Kf2 Bh5 48. Ne3 Kf6 49. fxe6 Kxe6 50. Bh7 Bxe3+ 51. Kxe3 Bd1 52. b4 axb4 53. a5
Kd6 54. Kd2 Bb3 1/2-1/2

[Event "Sparkassen-Open A"]
[Site "Heusenstamm, Martinsee"]
[Date "2018.11.22"]
[Round "1.32"]
[White "Heppert, Lars"]
[Black "Bomans, Arno"]
[Result "1/2-1/2"]
[WhiteElo "1940"]
[BlackElo "2262"]
[PlyCount "49"]
[EventDate "2018.??.??"]
[WhiteTeam "SK Neuburg"]
[BlackTeam "Gambiet Opwijk"]

1. c4 f5 2. Nc3 Nf6 3. d3 d6 4. g3 g6 5. Bg2 Bg7 6. e4 Nc6 7. Nge2 e5 8. O-O
O-O 9. exf5 Bxf5 10. a3 Qd7 11. d4 exd4 12. Nxd4 Bh3 13. Nxc6 bxc6 14. Be3 Rab8
15. Qd2 Bxg2 16. Kxg2 Ng4 17. Bxa7 Rb7 18. Bd4 Bh6 19. f4 c5 20. Bg1 Rfb8 21.
Rab1 Bg7 22. b4 cxb4 23. axb4 Qc6+ 24. Nd5 Qxc4 25. Rfe1 1/2-1/2

[Event "Sparkassen-Open A"]
[Site "Heusenstamm, Martinsee"]
[Date "2018.11.22"]
[Round "1.33"]
[White "Heimrath, Reiner"]
[Black "Haack, Kevin"]
[Result "1-0"]
[WhiteElo "2262"]
[BlackElo "1911"]
[PlyCount "143"]
[EventDate "2018.??.??"]
[WhiteTeam "SC Noris-Tarrasch NÃ¼rnberg"]
[BlackTeam "SC Bad Soden"]

1. Nf3 d5 2. g3 Nf6 3. Bg2 e6 4. c4 c6 5. b3 Be7 6. O-O O-O 7. Bb2 Nbd7 8. d3
b6 9. Nbd2 Bb7 10. Rc1 Rc8 11. Qc2 Qc7 12. cxd5 exd5 13. Nd4 Rfe8 14. Rfe1 c5
15. b4 Qb8 16. bxc5 Bxc5 17. Qa4 Bxd4 18. Qxd4 Rxc1 19. Bxc1 Qe5 20. Nf3 Qxd4
21. Nxd4 Nc5 22. Bd2 Bc8 23. Rc1 Bg4 24. Kf1 h6 25. h3 Bd7 26. Nb3 Nxb3 27.
axb3 Rc8 28. Rxc8+ Bxc8 29. Bf4 Be6 30. Bb8 Nd7 31. Bd6 a5 32. d4 b5 33. Ke1
Nf6 34. f3 Bd7 35. Kd2 Bc6 36. Kc3 Nd7 37. e4 Nf6 38. Kd3 a4 39. g4 axb3 40. e5
Nd7 41. Kc3 g5 42. Kxb3 Nb6 43. Kb4 Nc4 44. Bf1 Ne3 45. Bd3 Ng2 46. Kc5 Bd7 47.
Bf5 Be6 48. Bd3 Bd7 49. Be7 Nf4 50. Bf1 Kg7 51. h4 Kg6 52. hxg5 hxg5 53. Kb6
Ne6 54. Bd3+ Kg7 55. Bc5 Nf4 56. Bxb5 Be6 57. Be7 Kh6 58. Bf8+ Kg6 59. Kc5 Bc8
60. Kd6 Ng2 61. Bd3+ f5 62. Bxf5+ Bxf5 63. gxf5+ Kf7 64. Kd7 Nf4 65. e6+ Kg8
66. Bh6 Nh5 67. Bxg5 Ng7 68. f6 Nf5 69. e7 Nd6 70. e8=Q+ Kh7 71. Qh5+ Kg8 72.
Qg6+ 1-0

[Event "Sparkassen-Open A"]
[Site "Heusenstamm, Martinsee"]
[Date "2018.11.22"]
[Round "1.34"]
[White "Kemper, Yannick"]
[Black "KÃ¶llner, Ruben Gideon"]
[Result "0-1"]
[WhiteElo "1890"]
[BlackElo "2238"]
[PlyCount "56"]
[EventDate "2018.??.??"]
[WhiteTeam "SK Ludwigshafen"]
[BlackTeam "SG Bochum"]

1. e4 d6 2. d4 Nf6 3. Nc3 e5 4. Nf3 Nbd7 5. g4 d5 6. dxe5 Nxe4 7. Nxd5 Nb6 8.
Ne3 Qxd1+ 9. Nxd1 Bxg4 10. Bg2 O-O-O 11. Be3 Bxf3 12. Bxf3 Nc5 13. Nc3 Nc4 14.
Bf4 Ne6 15. Bg3 Bb4 16. O-O Bxc3 17. bxc3 Nd2 18. Bg2 Nxf1 19. Kxf1 g5 20. Rb1
c6 21. h4 h6 22. Be4 Rhe8 23. hxg5 hxg5 24. f3 Rh8 25. Kf2 Rd2+ 26. Ke3 Rg2 27.
Bf2 Rhh2 28. Bg1 Rh1 0-1

[Event "Sparkassen-Open A"]
[Site "Heusenstamm, Martinsee"]
[Date "2018.11.22"]
[Round "1.35"]
[White "Kersten, Uwe"]
[Black "Voss, Georg"]
[Result "1-0"]
[WhiteElo "2233"]
[BlackElo "1921"]
[PlyCount "47"]
[EventDate "2018.??.??"]
[WhiteTeam "Bad Emstal"]
[BlackTeam "SV Schmallenberg"]

1. d4 d5 2. Bf4 Nf6 3. e3 c5 4. c3 Nc6 5. Nd2 e6 6. Ngf3 Be7 7. Ne5 Nd7 8. Bd3
cxd4 9. exd4 Ndxe5 10. dxe5 Bg5 11. Bg3 Qb6 12. Rb1 Qc5 13. O-O Bd7 14. Nf3 Bh6
15. b4 Qe7 16. c4 dxc4 17. Bxc4 O-O 18. Bh4 g5 19. Qd2 Kh8 20. b5 gxh4 21. Qxh6
Nd8 22. Ng5 f5 23. Nxh7 Nf7 24. Qh5 1-0

[Event "Sparkassen-Open A"]
[Site "Heusenstamm, Martinsee"]
[Date "2018.11.22"]
[Round "1.36"]
[White "Schmitt, Carsten"]
[Black "de Visser, Leon"]
[Result "0-1"]
[WhiteElo "1913"]
[BlackElo "2230"]
[PlyCount "36"]
[EventDate "2018.??.??"]
[WhiteTeam "SV Bergwinkel"]
[BlackTeam "SV Griesheim"]

1. c4 c6 2. g3 d5 3. Bg2 Nf6 4. Nf3 Bg4 5. Ne5 Be6 6. cxd5 Bxd5 7. Nf3 c5 8.
Nc3 Bc6 9. O-O Nbd7 10. d4 e6 11. Re1 cxd4 12. Nxd4 Bxg2 13. Kxg2 Bb4 14. Ndb5
O-O 15. a3 Bxc3 16. Nxc3 Qb6 17. e4 Rfd8 18. e5 Nxe5 0-1

[Event "Sparkassen-Open A"]
[Site "Heusenstamm, Martinsee"]
[Date "2018.11.22"]
[Round "1.37"]
[White "Wolf, Ulrich Martin"]
[Black "Mehlen, Theodor"]
[Result "1-0"]
[WhiteElo "2221"]
[BlackElo "1919"]
[PlyCount "97"]
[EventDate "2018.??.??"]
[WhiteTeam "SC Hansa Dortmund"]
[BlackTeam "SC Matt im Park"]

1. d4 d5 2. Nf3 Nf6 3. c4 e6 4. Nc3 Be7 5. g3 O-O 6. Bg2 dxc4 7. O-O c6 8. Ne5
Nbd7 9. Nxc4 Re8 10. a3 Nf8 11. b4 Nd5 12. Bb2 Nxc3 13. Bxc3 Bf6 14. e3 Qc7 15.
Rc1 Nd7 16. f4 Nb6 17. Na5 Nd5 18. Bd2 Bd7 19. Qb3 Rac8 20. Qd3 Be7 21. e4 Nf6
22. h3 Qb8 23. g4 Red8 24. g5 Ne8 25. Rb1 b6 26. Nb3 Qd6 27. Qe2 g6 28. Be3 Bf8
29. h4 Bg7 30. Rbd1 Qe7 31. h5 f5 32. gxf6 Nxf6 33. hxg6 hxg6 34. Nd2 Be8 35.
Nc4 Nd7 36. e5 c5 37. bxc5 bxc5 38. Nd6 Rc7 39. Nb5 Rcc8 40. Nxa7 Rc7 41. Nc6
Rxc6 42. Bxc6 cxd4 43. Rxd4 Qxa3 44. Rfd1 Qe7 45. Rd6 Nxe5 46. fxe5 Bxc6 47.
Rxd8+ Kh7 48. Qh2+ Bh6 49. Qxh6# 1-0

[Event "Sparkassen-Open A"]
[Site "Heusenstamm, Martinsee"]
[Date "2018.11.22"]
[Round "1.38"]
[White "Reinecke, Katharina"]
[Black "Erdmann, Stefan"]
[Result "1/2-1/2"]
[WhiteElo "1917"]
[BlackElo "2216"]
[PlyCount "63"]
[EventDate "2018.??.??"]
[WhiteTeam "SK Langen"]
[BlackTeam "SC Bad Soden"]

1. d4 d5 2. c4 c6 3. Nc3 Nf6 4. e3 a6 5. Nf3 b5 6. b3 Bg4 7. Bb2 Nbd7 8. Be2 e6
9. O-O bxc4 10. bxc4 Rb8 11. Qc1 Ne4 12. Nd2 Bxe2 13. Nxe2 f5 14. Nf4 Qf6 15.
Nxe4 fxe4 16. Ba3 g5 17. Ne2 g4 18. Nf4 Bb4 19. cxd5 exd5 20. Bxb4 Rxb4 21. Qa3
Rb6 22. Rab1 Qe7 23. Qa4 Qd8 24. Rfd1 Rxb1 25. Rxb1 Qc8 26. Rc1 O-O 27. Qxc6
Qxc6 28. Rxc6 Rb8 29. g3 Rb1+ 30. Kg2 Nb6 31. a4 Nc4 32. h3 1/2-1/2

[Event "Sparkassen-Open A"]
[Site "Heusenstamm, Martinsee"]
[Date "2018.11.22"]
[Round "1.39"]
[White "Siddharth, Jagadeesh"]
[Black "Thomas, Tobias"]
[Result "1-0"]
[WhiteElo "2215"]
[BlackElo "1913"]
[PlyCount "43"]
[EventDate "2018.??.??"]
[WhiteTeam "Singapore"]
[BlackTeam "SK Langen"]
[WhiteTeamCountry "SIN"]

1. d4 d5 2. c4 Nc6 3. Nf3 Bg4 4. e3 e5 5. cxd5 Qxd5 6. Nc3 Bb4 7. Be2 exd4 8.
O-O Bxc3 9. bxc3 d3 10. Qxd3 Bxf3 11. gxf3 Qxd3 12. Bxd3 O-O-O 13. Be2 Nge7 14.
e4 Rhe8 15. Be3 f5 16. Kh1 Ng6 17. exf5 Nge7 18. Bc4 Nxf5 19. Bg5 Rd7 20. Rfe1
Ne5 21. f4 h6 22. Rxe5 1-0

[Event "Sparkassen-Open A"]
[Site "Heusenstamm, Martinsee"]
[Date "2018.11.22"]
[Round "1.40"]
[White "Hagner, Bennet"]
[Black "Lisanti, Andre"]
[Result "0-1"]
[WhiteElo "1912"]
[BlackElo "2209"]
[PlyCount "40"]
[EventDate "2018.??.??"]
[WhiteTeam "Frankfurter TV"]
[BlackTeam "TSV Schott Mainz"]

1. e4 c6 2. d4 d5 3. e5 Bf5 4. h4 Na6 5. c4 Nb4 6. Na3 dxc4 7. Bxc4 e6 8. Ne2
h6 9. Ng3 Bh7 10. Be3 Ne7 11. O-O Nf5 12. Nxf5 Bxf5 13. h5 Be7 14. f4 Be4 15.
g4 Nd5 16. Qb3 Bxa3 17. Qxb7 Nxe3 18. Bxe6 fxe6 19. Qxg7 Bf8 20. Qxh8 Qh4 0-1

[Event "Sparkassen-Open A"]
[Site "Heusenstamm, Martinsee"]
[Date "2018.11.22"]
[Round "1.41"]
[White "Jansen, Dirk Norbert"]
[Black "Deppe, Leo Max"]
[Result "1/2-1/2"]
[WhiteElo "2209"]
[BlackElo "1895"]
[PlyCount "38"]
[EventDate "2018.??.??"]
[WhiteTeam "SV Weidenau/Geisweid"]
[BlackTeam "SC Bad Soden"]

1. e4 c5 2. Nf3 d6 3. d4 cxd4 4. Nxd4 Nf6 5. Nc3 Nc6 6. Bc4 e5 7. Nb3 h6 8. O-O
Be7 9. Be3 O-O 10. h3 a6 11. a4 Be6 12. Bd5 Bxd5 13. exd5 Nb4 14. a5 Qd7 15. f4
Rac8 16. Qd2 Rc4 17. Qe2 Nfxd5 18. fxe5 dxe5 19. Bd2 Qc7 1/2-1/2

[Event "Sparkassen-Open A"]
[Site "Heusenstamm, Martinsee"]
[Date "2018.11.22"]
[Round "1.42"]
[White "Bakiev, Diyor"]
[Black "Henrich, Thomas"]
[Result "1-0"]
[WhiteElo "1908"]
[BlackElo "2207"]
[PlyCount "109"]
[EventDate "2018.??.??"]
[WhiteTeam "SV Ffm-Griesheim"]
[BlackTeam "SK Marburg"]

1. e4 c5 2. c3 d6 3. d4 Nf6 4. Bd3 Nbd7 5. Nf3 Qc7 6. O-O a6 7. Re1 e5 8. dxe5
dxe5 9. c4 Bd6 10. Nc3 O-O 11. b3 h6 12. Bb2 Re8 13. Qd2 Nf8 14. Rad1 Bg4 15.
Bb1 Rad8 16. Qe3 Ng6 17. h3 Bc8 18. Nd5 Nxd5 19. exd5 e4 20. Qc3 f5 21. Nd2
Bh2+ 22. Kh1 Be5 23. Qc2 Bd4 24. Bxd4 cxd4 25. Nxe4 fxe4 26. Rxe4 Nf8 27. Rexd4
Re5 28. d6 Qf7 29. f4 Re3 30. Qd2 Rde8 31. Qf2 Bxh3 32. gxh3 Rxh3+ 33. Kg1 Qh5
34. Qg2 Re2 35. Qd5+ Qxd5 36. Rxd5 Rg3+ 37. Kf1 Rgg2 38. d7 Ref2+ 39. Ke1 Rb2
40. Bd3 Rg1+ 41. Bf1 Rg6 42. Re5 Nxd7 43. Rxd7 Rg1 44. Rd1 Rxa2 45. Re2 Ra3 46.
Kf2 Rg4 47. Kf3 Rg6 48. Rd8+ Kf7 49. Rd7+ Kf8 50. Rxb7 Rc6 51. Rd2 Ke8 52. Ke4
Re6+ 53. Kd5 Re3 54. Re2 Ra5+ 55. c5 1-0

[Event "Sparkassen-Open A"]
[Site "Heusenstamm, Martinsee"]
[Date "2018.11.22"]
[Round "1.43"]
[White "Mesias Rojas, Rabindranath"]
[Black "Marchese, Gaspare"]
[Result "1-0"]
[WhiteElo "2205"]
[BlackElo "1908"]
[PlyCount "47"]
[EventDate "2018.??.??"]
[WhiteTeam "AJEZA"]
[BlackTeam "SC Matt im Park"]

1. d4 Nf6 2. Nc3 d6 3. e4 g6 4. Be2 Bg7 5. h4 c5 6. dxc5 Qa5 7. Qd3 Qxc5 8. Be3
Qa5 9. h5 Nfd7 10. Bd4 Ne5 11. Qb5+ Qxb5 12. Nxb5 Kd7 13. f4 a6 14. fxe5 dxe5
15. Bb6 axb5 16. Bxb5+ Nc6 17. O-O-O+ Ke6 18. Bc4+ Kf6 19. Rf1+ Kg5 20. Be3+
Kg4 21. Be2+ Kg3 22. Bf3 Nd4 23. Bxd4 exd4 24. Ne2# 1-0

[Event "Sparkassen-Open A"]
[Site "Heusenstamm, Martinsee"]
[Date "2018.11.22"]
[Round "1.44"]
[White "Stecher, Armin"]
[Black "Hebbering, Tom Elliot"]
[Result "0-1"]
[WhiteElo "1908"]
[BlackElo "2199"]
[PlyCount "88"]
[EventDate "2018.??.??"]
[WhiteTeam "vereinslos"]
[BlackTeam "SK Gernsheim"]

1. e4 c5 2. Nf3 e6 3. d4 cxd4 4. Nxd4 Nc6 5. a3 Nf6 6. Nc3 Qc7 7. g3 a6 8. Bg2
Nxd4 9. Qxd4 Bc5 10. Qd1 d6 11. Qe2 O-O 12. O-O h6 13. Be3 e5 14. h3 Be6 15.
Rfe1 Rac8 16. Bxc5 Qxc5 17. Qe3 Rfd8 18. Rad1 Kf8 19. Rd2 Qxe3 20. Rxe3 Ke7 21.
Re1 Nd7 22. Nd5+ Bxd5 23. exd5 f5 24. b3 Rc3 25. Re3 Rdc8 26. Rxc3 Rxc3 27. a4
b5 28. axb5 axb5 29. Bf1 b4 30. Kg2 Rc5 31. Ba6 Nf6 32. Bb7 Ne4 33. Re2 Nc3 34.
Rd2 Nb1 35. Re2 Na3 36. Rd2 Rxc2 37. Rxc2 Nxc2 38. Ba6 e4 39. Kf1 Kf6 40. Bc4
Ke5 41. Ke2 Kd4 42. Ba6 Kxd5 43. Bc4+ Ke5 44. Kd2 Nd4 0-1

[Event "Sparkassen-Open A"]
[Site "Heusenstamm, Martinsee"]
[Date "2018.11.22"]
[Round "1.45"]
[White "Bethke, Richard"]
[Black "Feicht, Arno"]
[Result "1-0"]
[WhiteElo "2192"]
[BlackElo "1907"]
[PlyCount "81"]
[EventDate "2018.??.??"]
[WhiteTeam "SF Neuberg"]
[BlackTeam "SV Alsfeld"]

1. e4 c5 2. Nf3 Nc6 3. d4 cxd4 4. Nxd4 e5 5. Nb5 d6 6. N1c3 a6 7. Na3 Be7 8.
Nd5 Nf6 9. Be3 Nxd5 10. exd5 Nd4 11. Bxd4 exd4 12. Qxd4 O-O 13. O-O-O Bf6 14.
Qd2 b5 15. Bd3 Bd7 16. Kb1 Qb6 17. h3 g6 18. c3 a5 19. Nc2 Rfb8 20. Qe3 Qb7 21.
Nd4 b4 22. c4 a4 23. Nc6 Bxc6 24. dxc6 Qc7 25. Be4 Ra5 26. Bd5 Raa8 27. Qf3 Bg7
28. h4 a3 29. b3 Re8 30. h5 Bc3 31. Rd3 Re5 32. h6 Kf8 33. Rxc3 Rf5 34. Qd3
bxc3 35. Qd4 f6 36. g4 Re5 37. f4 c2+ 38. Kc1 Rae8 39. fxe5 dxe5 40. Qc5+ Re7
41. Rf1 1-0

[Event "Sparkassen-Open A"]
[Site "Heusenstamm, Martinsee"]
[Date "2018.11.22"]
[Round "1.46"]
[White "Lotz, Ralf"]
[Black "Adocchio, Giampiero"]
[Result "0-1"]
[WhiteElo "1907"]
[BlackElo "2171"]
[PlyCount "104"]
[EventDate "2018.??.??"]
[WhiteTeam "SC Obertshausen"]
[BlackTeam "Mosbacher SC"]

1. d4 Nf6 2. Nf3 d5 3. c4 e6 4. Nc3 Bb4 5. Qc2 O-O 6. a3 Bxc3+ 7. Qxc3 dxc4 8.
Qxc4 b6 9. Bg5 Ba6 10. Qc2 Nbd7 11. Ne5 c5 12. Nxd7 Qxd7 13. Bxf6 gxf6 14. dxc5
Rac8 15. b4 bxc5 16. bxc5 Rfd8 17. Rd1 Qxd1+ 18. Qxd1 Rxd1+ 19. Kxd1 Rxc5 20.
e3 Ra5 21. Bxa6 Rxa6 22. Ke2 Rxa3 23. f4 a5 24. h4 h5 25. Rc1 a4 26. Kf3 Kg7
27. Re1 f5 28. Rc1 Rb3 29. Rc4 a3 30. Ra4 Kf8 31. Ra7 Ke8 32. g3 Kf8 33. Ra8+
Ke7 34. Ra7+ Kd6 35. Rxf7 a2 36. Ra7 Rb2 37. e4 Kc5 38. exf5 exf5 39. Ke3 Kc4
40. Ra6 Kc3 41. Ra5 Kb4 42. Ra8 Kb3 43. Kd4 Re2 44. Rb8+ Kc2 45. Rc8+ Kb1 46.
Rb8+ Rb2 47. Ra8 a1=Q 48. Rxa1+ Kxa1 49. Ke5 Rg2 50. Kxf5 Rxg3 51. Kf6 Rg4 52.
f5 Rxh4 0-1

[Event "Sparkassen-Open A"]
[Site "Heusenstamm, Martinsee"]
[Date "2018.11.22"]
[Round "1.47"]
[White "Boos, Markus"]
[Black "Neubauer, Robert"]
[Result "1-0"]
[WhiteElo "2166"]
[BlackElo "1899"]
[PlyCount "86"]
[EventDate "2018.??.??"]
[WhiteTeam "Elberfelder SG"]
[BlackTeam "Bad Vilbeler Sfr"]

1. d4 Nf6 2. c4 g6 3. g3 Bg7 4. Bg2 d5 5. cxd5 Nxd5 6. Nf3 O-O 7. O-O Nc6 8.
Nc3 e5 9. Nxd5 e4 10. Nd2 Qxd5 11. e3 Re8 12. Qc2 Bf5 13. a3 Re7 14. Nb1 Rae8
15. Bd2 Bxd4 16. exd4 Nxd4 17. Nc3 Qc4 18. Qa4 Qxa4 19. Nxa4 Nb3 20. Bg5 f6 21.
Bxf6 Rf7 22. Bg5 Nxa1 23. Rxa1 Rd7 24. Re1 Rd4 25. Nc3 Kf7 26. Bh6 c6 27. h3 b5
28. g4 b4 29. Ne2 Rd6 30. Bf4 Rd3 31. gxf5 gxf5 32. Nc1 Rd4 33. Be3 Rc4 34. b3
Rc2 35. a4 a5 36. Bf1 Rg8+ 37. Kh1 Kg6 38. Bc4 Rd8 39. Ne2 Kh5 40. Nf4+ Kh4 41.
Kh2 Rd6 42. Ng2+ Kh5 43. Bf7+ Rg6 1-0

[Event "Sparkassen-Open A"]
[Site "Heusenstamm, Martinsee"]
[Date "2018.11.22"]
[Round "1.48"]
[White "BÃ¼se, Ralf"]
[Black "Haag, Martin"]
[Result "0-1"]
[WhiteElo "1906"]
[BlackElo "2186"]
[PlyCount "50"]
[EventDate "2018.??.??"]
[WhiteTeam "SC Ladja RoÃŸdorf"]
[BlackTeam "SC Bonn Beuel"]

1. d4 d5 2. Bf4 e6 3. Nf3 Bd6 4. Bg3 Nf6 5. e3 O-O 6. Bd3 b6 7. Qe2 Bb7 8. Nbd2
Ne4 9. c3 Nd7 10. Ne5 Bxe5 11. dxe5 Ndc5 12. O-O-O Qg5 13. Nf3 Nxd3+ 14. Qxd3
Qh5 15. Nd4 c5 16. Nf3 a5 17. Qc2 c4 18. Nd4 Nc5 19. Nf3 Bc6 20. Rd4 Ne4 21.
Rdd1 b5 22. Kb1 b4 23. Ka1 Rfb8 24. Nd4 Bb7 25. a3 Nc5 0-1

[Event "Sparkassen-Open A"]
[Site "Heusenstamm, Martinsee"]
[Date "2018.11.22"]
[Round "1.49"]
[White "Goossens, Hanne"]
[Black "Deutsch, Christoph"]
[Result "1-0"]
[WhiteElo "2176"]
[BlackElo "1876"]
[PlyCount "47"]
[EventDate "2018.??.??"]
[WhiteTeam "DJK AufwÃ¤rts Aachen"]
[BlackTeam "SK GrÃ¼ndau"]

1. e4 e5 2. Nf3 Nc6 3. Bc4 Bc5 4. c3 Nf6 5. d3 d6 6. O-O O-O 7. Bb3 a6 8. h3
Ba7 9. Re1 h6 10. Nbd2 Be6 11. Bc2 d5 12. Qe2 Re8 13. Nf1 Qe7 14. Ng3 dxe4 15.
dxe4 Rad8 16. Nh4 Qc5 17. Qf3 Nh7 18. Ngf5 Ng5 19. Qg3 Bb6 20. Be3 Qb5 21. Bxg5
hxg5 22. Qxg5 Bxf5 23. Nxf5 g6 24. Bb3 1-0

[Event "Sparkassen-Open A"]
[Site "Heusenstamm, Martinsee"]
[Date "2018.11.22"]
[Round "1.50"]
[White "Pabel, Ralph"]
[Black "Villwock, Martin"]
[Result "0-1"]
[WhiteElo "1905"]
[BlackElo "2182"]
[PlyCount "42"]
[EventDate "2018.??.??"]
[WhiteTeam "SK Mainaschaff"]
[BlackTeam "SF Essen-Katernberg"]

1. d4 Nf6 2. c4 e6 3. Nf3 c5 4. d5 exd5 5. cxd5 d6 6. Nc3 g6 7. e4 a6 8. a4 Bg4
9. Bd3 Bg7 10. a5 O-O 11. Qb3 Bxf3 12. gxf3 Nbd7 13. Qxb7 Nh5 14. Nd1 Ne5 15.
Be2 Qf6 16. Ra3 Nf4 17. Qb3 c4 18. Qc2 Rac8 19. Bxf4 Qxf4 20. Qd2 Qh4 21. Ra4
f5 $138 0-1

[Event "Sparkassen-Open A"]
[Site "Heusenstamm, Martinsee"]
[Date "2018.11.22"]
[Round "1.51"]
[White "Schulze, Lara"]
[Black "Lehmann, Tim"]
[Result "1-0"]
[WhiteElo "2167"]
[BlackElo "1901"]
[PlyCount "57"]
[EventDate "2018.??.??"]
[WhiteTeam "SK Lehrte"]
[BlackTeam "SV Lahn Limburg"]

1. e4 g6 2. d4 Bg7 3. Nf3 c5 4. d5 d6 5. Be2 Nf6 6. Nc3 O-O 7. O-O Na6 8. Nd2
Nc7 9. a4 Rb8 10. Nc4 Bd7 11. f4 b6 12. e5 Nfe8 13. Re1 a6 14. Bf3 b5 15. axb5
axb5 16. Na5 b4 17. Ne4 Nb5 18. e6 fxe6 19. dxe6 Bc8 20. Nc6 Qc7 21. Nxb8 Qxb8
22. Ng5 Nec7 23. Be4 Nd4 24. Nxh7 Kxh7 25. Qh5+ Kg8 26. Bxg6 Rf6 27. f5 Bxe6
28. Qh7+ Kf8 29. Bh6 1-0

[Event "Sparkassen-Open A"]
[Site "Heusenstamm, Martinsee"]
[Date "2018.11.22"]
[Round "1.52"]
[White "Kirchner, Markus"]
[Black "Dunsbach, Ralf"]
[Result "0-1"]
[WhiteElo "1887"]
[BlackElo "2159"]
[PlyCount "26"]
[EventDate "2018.??.??"]
[WhiteTeam "SF SchÃ¶neck"]
[BlackTeam "SK Bad Homburg"]

1. e4 c5 2. Nf3 d6 3. d4 cxd4 4. Nxd4 Nf6 5. f3 e5 6. Nb3 d5 7. Bg5 d4 8. c3
Nc6 9. Bb5 Be6 10. O-O Qb6 11. Bxc6+ bxc6 12. cxd4 exd4 13. Qxd4 Bxb3 0-1

[Event "Sparkassen-Open A"]
[Site "Heusenstamm, Martinsee"]
[Date "2018.11.22"]
[Round "1.53"]
[White "Hahn, Florian"]
[Black "Nyenhuis, Yannek"]
[Result "1-0"]
[WhiteElo "2148"]
[BlackElo "1892"]
[PlyCount "73"]
[EventDate "2018.??.??"]
[WhiteTeam "SC Herborn"]
[BlackTeam "PSV Uelzen"]

1. Nf3 Nf6 2. c4 e6 3. g3 d5 4. Bg2 Be7 5. O-O O-O 6. b3 Nbd7 7. Bb2 c6 8. d4
b6 9. Qc2 Bb7 10. Nc3 Qc7 11. Rac1 Rac8 12. Rfd1 Rfd8 13. e3 Nf8 14. Qe2 Ba6
15. e4 dxe4 16. Nxe4 Nxe4 17. Qxe4 Bf6 18. Ne5 Bxe5 19. dxe5 Bb7 20. Ba3 Rd7
21. Bd6 Qd8 22. c5 Ng6 23. Bf3 bxc5 24. Bxc5 Rxd1+ 25. Rxd1 Qa5 26. Qe3 Qxa2
27. h4 Nf8 28. Bxa7 Qc2 29. Bc5 Ba6 30. h5 h6 31. Kg2 Nh7 32. Be7 Bb5 33. Qb6
g6 34. Rd8+ Rxd8 35. Qxd8+ Kg7 36. Bf6+ Nxf6 37. exf6+ 1-0

[Event "Sparkassen-Open A"]
[Site "Heusenstamm, Martinsee"]
[Date "2018.11.22"]
[Round "1.54"]
[White "Modric, Vladimir"]
[Black "Schnabel, Bennett"]
[Result "0-1"]
[WhiteElo "1893"]
[BlackElo "2146"]
[PlyCount "36"]
[EventDate "2018.??.??"]
[WhiteTeam "SC Nied"]
[BlackTeam "SV Mattnetz Berlin"]

1. d4 f5 2. e3 Nf6 3. Bd3 d6 4. f4 g6 5. Nf3 Bg7 6. Nbd2 O-O 7. O-O Ng4 8. Qe2
e5 9. dxe5 dxe5 10. h3 e4 11. Bc4+ Kh8 12. hxg4 exf3 13. Nxf3 fxg4 14. Ne5 g3
15. Rd1 Qe7 16. Nf7+ Rxf7 17. Bxf7 Qh4 18. Qf3 Nc6 0-1